000 00300 a2200109 4500
001 ART_2465
005 20260410161726.0
008 260409a
245 1 0 _aEl grupo T
100 1 _aAllen, Louis A.
773 0 _tAdministración de empresas
_g- Año 5, Nº 57 (dic. 1974)
_wREV2036
999 _c17420
_d17420